|
|
|
|
| LEADER |
00000nab a2200000 a 4500 |
| 001 |
vtls000520359 |
| 003 |
SK-MaSNL |
| 005 |
20260304090220.0 |
| 008 |
250425c1993 xo 0 slo |
| 015 |
|
|
|a SNBRB19rr/mm-uuuuu
|
| 035 |
|
|
|a CL0520497
|
| 035 |
|
|
|a (urnnbn)urn:nbn:sk:snk:ar-002grb
|
| 035 |
|
|
|a (uuid)68dfdc8d-f079-418b-95ae-31bc0ee96fc6
|
| 035 |
|
|
|a urn:nbn:sk:snk-ab7sek
|
| 040 |
|
|
|a SNKBUCL
|b slo
|c SNKBUCL
|e AACR2
|
| 041 |
0 |
|
|a slo
|
| 044 |
|
|
|a xo
|c SK
|
| 080 |
|
|
|a 78.071.1/.2:786.6
|2 1981
|
| 080 |
|
|
|a 786.6
|2 1981
|
| 080 |
|
|
|a 929 Messiaen, Olivier
|2 1981
|
| 100 |
1 |
|
|a Woźna-Stankiewicz, Małgorzata,
|d 1948-
|4 aut
|9 11778
|
| 245 |
1 |
0 |
|a Olivier Messiaen - trubadúr 20. storočia
|c Małgorzata Woźna-Stankiewicz
|
| 300 |
|
|
|b Lit. 30 zázn. v pozn.
|
| 600 |
1 |
7 |
|a Messiaen, Olivier
|d 1908-1992
|x tvorba umelecká - analýzy
|2 snkbucl
|9 1380892
|
| 655 |
|
7 |
|a články z novín a časopisov
|2 snkbucl
|9 267496
|
| 773 |
0 |
|
|t Slovenská hudba
|g Roč. 19, č. 1 (1993), s. 35-47
|
| 850 |
|
|
|a Slovenská národná knižnica
|
| 852 |
|
|
|a Slovenská národná knižnica
|
| 954 |
|
|
|a odborná, vedecká literatúra pôvodná (slovenská)
|2 lita
|
| 958 |
|
|
|a article9
|
| 958 |
|
|
|a OND
|
| 958 |
|
|
|a RK
|
| 958 |
|
|
|a BC
|
| 958 |
|
|
|a NX
|
| 958 |
|
|
|a FR
|
| 958 |
|
|
|a EUIPO
|
| 992 |
|
|
|a RBX
|
| 999 |
|
|
|c 2810734
|d 2812664
|